| 000 | 01402cam a2200409 4500 | ||
|---|---|---|---|
| 008 | 031029n2003 000 0 eng u | ||
| 020 | _a0727732400 | ||
| 035 | _a(Sirsi) u125535 | ||
| 041 | _aeng | ||
| 050 | _a344.410465 | ||
| 100 | _aPerry, Pat | ||
| 245 | _aHealth and safety questions and answers: a practical approach | ||
| 260 |
_aLondon _bThomas Telford _c2003 |
||
| 350 | _a19.95 | ||
| 520 | _aAimed at everyone who needs to know something about health and safety, from company directors to shop-floor supervisors | ||
| 650 | _aMANAGEMENT-HEALTH AND SAFETY-HAZARDOUS SUBSTANCES-ASBESTOS | ||
| 650 | _aDISPLAY SCREEN EQUIPMENT | ||
| 650 | _aMANAGEMENT-HEALTH AND SAFETY-FIRE SAFETY | ||
| 650 | _aFIRST AID | ||
| 650 | _aRISK ASSESSMENT | ||
| 650 | _aELECTRICAL SAFETY | ||
| 650 | _aHAZARDOUS SUBSTANCES | ||
| 650 | _aHEALTH AND SAFETY AT WORK ETC ACT 1974 | ||
| 650 | _aMANAGEMENT OF HEALTH AND SAFETY AT WORK REGULATIONS 1999 | ||
| 650 | _aCONSTRUCTION (DESIGN AND MANAGEMENT) REGULATIONS 1994 | ||
| 650 | _aCONSTRUCTION (HEALTH, SAFETY AND WELFARE) REGULATIONS 1996 | ||
| 650 | _aLEGIONNAIRES' DISEASE | ||
| 650 | _aMANUAL HANDLING | ||
| 650 | _aNOISE | ||
| 650 | _aPROTECTIVE EQUIPMENT | ||
| 650 | _aSMOKING | ||
| 650 | _aSTRESS | ||
| 650 | _aVIOLENCE | ||
| 650 | _aWORK EQUIPMENT | ||
| 690 | _aBUILT ENVIRONMENT-BUILDING STANDARDS | ||
| 942 | _n0 | ||
| 999 |
_c103431 _d103431 |
||